000
00336nam a2200145Ia 4500
008
191201s2007 xx 000 0 und d
082
_a
005.133
_b
KAE
100
_a
KANETKAR, Yashwant
245
0
_a
Expliring C
250
_a
1st
260
_a
N.Delhi
_b
BPB Publication
_c
2007
300
_a
513
650
_a
B.Tech(IT)
942
_2
ddc
_c
BK
999
_c
2868
_d
2868